Airlines - Statistics

General Stats
  • This quiz has been taken 174 times
    124 since last reset
  • The average score is 47 of 107
Answer Stats
Hint Answer % Correct
UA UAL United
95%
QR QTR Qatar
92%
AF AFR Air France
90%
AA AAL American
90%
JL JAL Japan
90%
KL KLM KLM
90%
DL DAL Delta
88%
EK UAE Emirates
87%
IB IBE Iberia
87%
FR RYR Ryanair
87%
BA BAW British
85%
EY ETD Etihad
85%
AC ACA Air Canada
82%
9W JAI Jet
80%
CI CAL China
78%
FI ICE Icelandair
78%
CX CPA Cathay Pacific
77%
AY FIN Finnair
77%
AM AMX Aeromexico
73%
KE KAL Korean Air
73%
LH DLH Lufthansa
73%
NH ANA All Nippon
72%
TG THA Thai
72%
VS VGI Virgin Atlantic
72%
SU AFL Aeroflot
70%
CZ CSN China Southern
70%
CA CCA Air China
68%
AI AIC Air India
68%
BR EVA EVA Air
68%
TK THY Turkish
68%
SQ SIA Singapore
67%
NZ ANZ Air New Zealand
63%
WN SWA Southwest
63%
B6 JBU JetBlue
62%
TP TAP TAP Portugal
62%
OS AUA Austrian
60%
MU CES China Eastern
60%
LO LOT LOT Polish
60%
EI EIN Aer Lingus
58%
AZ AZA Alitalia
58%
AV AVA Avianca
57%
A3 AEE Aegean
55%
ET ETH Ethiopian
53%
SA SAA South African
53%
SK SAS Scandinavian
50%
WS WJA WestJet
50%
AS ASA Alaska
47%
HA HAL Hawaiian
47%
VA VOZ Virgin Australia
47%
OZ AAR Asiana
43%
HY UZB Uzbekistan
43%
HU CHH Hainan
42%
VS VIR Virgin America
40%
OK CSA Czech
38%
WY OMA Oman
38%
S7 SBI S7
38%
VN HVN Vietnam
38%
AR ARG Aerolineas Argentina
37%
GF GFA Gulf Air
37%
MH MAS Malaysian
35%
ME MEA Middle East
35%
DY NAX Norwegian
35%
SN DAT Brussels
33%
MS MSR EgyptAir
33%
6E IGO IndiGo
33%
RJ SJA Royal Jordanian
33%
LX SWR Swiss International
33%
KQ KQA Kenya
32%
GA GIA Garuda Indonesia
30%
CM CMP Copa
27%
UL ALK Sri Lankan
27%
CU CUB Cubana
25%
RO ROT TAROM
25%
PS AUI Ukraine
25%
MK MAU Air Mauritius
23%
J2 AHY Azerbaijan
23%
MF CXA Xiamen
23%
HM SEY Air Seychelles
22%
JP ADR Adria
20%
LY ELY El Al Israel
20%
TS TSC Air Transat
18%
4G CSZ Shenzhen
17%
KC KZR Air Astana
15%
QF QFA Quantas
15%
KX CAY Cayman
13%
SV SVA Saudi Arabian
13%
Y4 VOI Volaris
13%
PG BKP Bangkok
12%
BW BWA Caribbean
12%
FZ FDB flyDubai
12%
G9 ABY Air Arabia
10%
OU CTN Croatian
10%
40 AIJ Interjet
8%
UX AEA Air Europa
7%
UK VTI Vistara
7%
UP BHS Bahamasair
5%
HO DKH Juneyao
5%
PD POE Porter
5%
SG SEJ SpiceJet
5%
9S CQH Spring
5%
PY SLM Suriname
5%
G8 GOW GoAir
3%
JE MNO Mango
3%
AT RAM Royal Air Morac
3%
DT DTA TAAG Angola
3%
EQ TAE TAME
3%
AU AUT Austral Lineas Aereas
2%
No matching quizzes found
Score Distribution
Percent of People with Each Score
Percentile by Number Answered
Your Score History
You have not taken this quiz since the last reset